| 000 | 00612nam a2200193 4500 | ||
|---|---|---|---|
| 001 | 132967 | ||
| 003 | ES-MaACL | ||
| 005 | 20230906194306.0 | ||
| 007 | t| | ||
| 008 | 070214s1909 fr r ||||1| fre d | ||
| 100 | 1 |
_aRosny, J. -H. _999792 |
|
| 245 | 1 | 3 |
_aLe pluralisme _b: essai sur la discontinuité et l'hétérogéité des phenoménes / _cJ.-H. Rosny. |
| 260 |
_aParis : _bFélix Alcan, _c1909. |
||
| 300 |
_a272 p. ; _c22 cm. |
||
| 490 | 1 | _aBibliotheque de Philosophie Contemporaine | |
| 830 | 0 |
_aBibliotheque de Philosophie Contemporaine _9181027 |
|
| 852 |
_aES-MaACL _jB-6211 |
||
| 999 |
_c132967 _d132967 |
||